[Event "SRB-chT2 West"]
[Site "Kragujevac"]
[Date "2015.10.08"]
[Round "6.4"]
[White "Kotlaja, Nikola"]
[Black "Tojagic, Dane"]
[Result "0-1"]
[WhiteElo "1632"]
[BlackElo "2271"]
[PlyCount "38"]
[EventDate "2015.09.04"]
[EventType "team-tourn"]
[EventRounds "11"]
[EventCountry "SRB"]
[SourceTitle "EXT 2022"]
[Source "ChessBase"]
[SourceDate "2021.10.06"]
[SourceVersion "1"]
[SourceVersionDate "2021.10.06"]
[SourceQuality "1"]

1. c4 c5 2. e3 Nf6 3. Nc3 d5 4. cxd5 Nxd5 5. Bc4 Nb6 6. Bb3 Nc6 7. Nf3 g6 8. Bxf7+ Kxf7 9. Ng5+ Kg7 10. Qf3 Ne5 11. Qe4 Nd3+ 12. Ke2 Bf5 13. Ne6+ Bxe6 14. Qxe6 Qd6 15. Qg4 Rd8 16. Ne4 Qd7 17. Qf3 Qb5 18. Nc3 Nxc1+ 19. Kd1 Qxb2 0-1